000 00710nam a2200217Ia 4500
001 15313
003 GE_BSU
008 181216s||||||||xx |||||||||||||| ||und||
040 _cGE_BSU
080 _a82-93:821.353.1-32
100 _aშატბერაშვილი,გიორგი
245 _aსათაფლია
245 _bსაბავშვო მოთხრობები
245 _cრედ.ა.გაბესკირია. მხატვ.გ.ფოცხიშვილი
260 _aთბილისი
260 _bსაბლიტგამი
260 _c1958
300 _a246გვ.ილ.21სმ.
653 _aსათაფლია
942 _cBK
999 _c48421
_d48421